La Libération de Paris / (Record no. 172617)

MARC details
000 -LEADER
campo de control de longitud fija 00904nam a2200265 i 4500
001 - NÚMERO DE CONTROL
campo de control 172617
003 - IDENTIFICADOR DE NÚMERO DE CONTROL
campo de control ES-MaACL
005 - FECHA Y HORA DE LA ÚLTIMA TRANSACCIÓN
campo de control 20230906215001.0
008 - DATOS DE LONGITUD FIJA--INFORMACIÓN GENERAL
campo de control de longitud fija 090729s1980 be |||| | fre d
020 ## - NÚMERO INTERNACIONAL ESTÁNDAR DEL LIBRO
Número Internacional Estándar del Libro 2-87027-053-4
080 ## - NÚMERO DE LA CLASIFICACIÓN DECIMAL UNIVERSAL
Número de la Clasificación Decimal Universal 944"1940/45"
100 1# - ENTRADA PRINCIPAL--NOMBRE DE PERSONA
Nombre de persona Michel, Henri.
9 (RLIN) 80897
245 13 - MENCIÓN DEL TÍTULO
Título La Libération de Paris /
Mención de responsabilidad, etc. Henri Michel.
260 ## - PUBLICACIÓN, DISTRIBUCIÓN, ETC.
Lugar de publicación, distribución, etc. Bruxelles :
Nombre del editor, distribuidor, etc. Éditions Complexe,
Fecha de publicación, distribución, etc. 1980.
300 ## - DESCRIPCIÓN FÍSICA
Extensión 184 p. :
Otras características físicas il., fotos ;
Dimensiones 18 cm.
490 1# - MENCIÓN DE SERIE
Mención de serie La mémoire du siècle. 1944 ;
Designación de volumen o secuencia 6
500 ## - NOTA GENERAL
Nota general Cronología.
500 ## - NOTA GENERAL
Nota general Índice.
504 ## - NOTA DE BIBLIOGRAFÍA, ETC.
Nota de bibliografía, etc. Bibliografía.
650 #4 - PUNTO DE ACCESO ADICIONAL DE MATERIA--TÉRMINO DE MATERIA
Término de materia o nombre geográfico como elemento de entrada Guerra mundial, 1939-1945-
Subdivisión general Resistencia-
Subdivisión geográfica Francia.
9 (RLIN) 139487
651 #4 - PUNTO DE ACCESO ADICIONAL DE MATERIA--NOMBRE GEOGRÁFICO
Nombre geográfico Francia-
Subdivisión general Historia-
Subdivisión cronológica 1940-1945, Ocupación alemana.
9 (RLIN) 139486
830 0# - PUNTO DE ACCESO ADICIONAL DE SERIE-TÍTULO UNIFORME
Título uniforme La mémoire du siècle. 1944 ;
Designación de volumen o secuencia 6
9 (RLIN) 223388
852 4# - LOCALIZACIÓN
Ubicación ES-MaACL
Número de control de estantería E-12904
itemnumber R.139388
Nota libre . - Biblioteca Jacinto Martínez Lacalle
Holdings
Estatus retirado Estado de pérdida Estado de daño No para préstamo Biblioteca de origen Biblioteca actual Ubicación en estantería Fecha de adquisición Fuente de adquisición Total de préstamos Signatura topográfica completa Código de barras Visto por última vez Precio de reemplazo Tipo de ítem Koha
        Biblioteca del Ateneo de Madrid Biblioteca del Ateneo de Madrid Depósito 2 29/07/2009     E-12904 1181146 23/02/2023 23/02/2023 Libro impreso